Asturias Quiz - Statistics

General Stats
  • This quiz has been taken 129 times
  • The average score is 8 of 15
Answer Stats
Hint Answer % Correct
Capital of Asturias Oviedo
97%
Biggest city Gijón
90%
Most popular dish Fabada
76%
Third most populated city and industrial port Avilés
69%
Pilgrimage place and patron saint Covadonga
65%
Language of Asturias Bable
60%
First national park in Spain Picos de Europa
55%
Most popular cheese Cabrales
53%
Most popular drink Sidra
53%
Sea that bathes Asturias Cantabrian Sea
41%
Instrument used in Asturian music Bagpipe
36%
Pastry filled with hazelnut or walnut Casadiella
31%
American actress with Asturian ancestors Eva Longoria
17%
Highest mountain Naranjo de Bulmes
4%
Feast of the adove September 8
4%
No matching quizzes found
Score Distribution
Percent of People with Each Score
Percentile by Number Answered
Your Score History
You have not taken this quiz